Statistics for American Distance Runners

Click here to take the quiz!

General Stats

  • This quiz has been taken 47 times
  • The average score is 5 of 11

Answer Stats

HintAnswer% Correct
Held every American record between 2000m and 5000mSteve Prefontaine
93%
Silver Medalist in the Olympic 10000m, London 2012Galen Rupp
85%
Three-time winner of the New York City Marathon, coach for the Nike Oregon ProjectAlberto Salazar
80%
Last American to hold world record in the mileJim Ryun
63%
Kenyan-born athlete with twelve Olympic and World Championship MedalsBernard Lagat
53%
Upset win in Olympic 10000m, Tokyo 1964Billy Mills
45%
Won Olympic Marathon, Munich 1972Frank Shorter
45%
Bronze Medalist in the Olympic 5000m, Tokyo 1964, Assistant Coach to Bill BowermanBill Dellinger
23%
Four-time NCAA champion, best high school distance runner of his timeGerry Lindgren
15%
Bronze Medalist in the Olympic 5000m, Mexico City 1968George Young
10%
Winner of the 1980 Olympic Marathon trials, hopeful for boycotted Moscow GamesTony Sandoval
10%

Score Distribution

Percentile by Number Answered

Percent of People with Each Score

Your Score History

You have not taken this quiz